00317nam a22001097a 4500008004100000020001500041082001600056100001500072245006500087260004600152300000900198230619b xxu||||| |||| 00| 0 eng d a085255401X a304.67bOMI cS.H Ominde aKenyas population Growth and Development to the year 2000 AD aNairobi, KenyabHeinemann Kenya LTDc1988 a141p